<?xml version="1.0" encoding="UTF-8"?>
<record
    xmlns:xsi="http://www.w3.org/2001/XMLSchema-instance"
    xsi:schemaLocation="http://www.loc.gov/MARC21/slim http://www.loc.gov/standards/marcxml/schema/MARC21slim.xsd"
    xmlns="http://www.loc.gov/MARC21/slim">

  <leader>02080nas a2200277Ia 4500</leader>
  <controlfield tag="001">R053-S9168</controlfield>
  <controlfield tag="003">IT-CnALBA</controlfield>
  <controlfield tag="008">170116c99999999xx ||||||||||||   ||und||</controlfield>
  <datafield tag="040" ind1=" " ind2=" ">
    <subfield code="a">IT-CnALBA</subfield>
    <subfield code="c">IT-CnALBA</subfield>
  </datafield>
  <datafield tag="041" ind1=" " ind2=" ">
    <subfield code="a">ITALIANO </subfield>
  </datafield>
  <datafield tag="100" ind1=" " ind2=" ">
    <subfield code="a">Tassi Fabrizio # Potassio Francesco  # Autori vari</subfield>
  </datafield>
  <datafield tag="210" ind1=" " ind2=" ">
    <subfield code="a">CINEFORUM</subfield>
  </datafield>
  <datafield tag="222" ind1=" " ind2=" ">
    <subfield code="a">CINEFORUM</subfield>
  </datafield>
  <datafield tag="245" ind1=" " ind2="0">
    <subfield code="a">Cineforum 428. Ottobre 2003. Rivista di cultura cinematografica. LX mostra del cinema. </subfield>
  </datafield>
  <datafield tag="250" ind1=" " ind2=" ">
    <subfield code="a">1a ed.</subfield>
  </datafield>
  <datafield tag="260" ind1=" " ind2=" ">
    <subfield code="a"> BERGAMO</subfield>
    <subfield code="b">Federazione Italiana Cineforum </subfield>
    <subfield code="c">2003 [1&#xB0; Ed.:2003 - Ed.Ling.Originale: 2003]</subfield>
  </datafield>
  <datafield tag="300" ind1=" " ind2=" ">
    <subfield code="a">96 p. </subfield>
  </datafield>
  <datafield tag="310" ind1=" " ind2=" ">
    <subfield code="a">MENSILE</subfield>
  </datafield>
  <datafield tag="362" ind1=" " ind2=" ">
    <subfield code="a">Fascicolo: 8 / Anno: 43 (2003)</subfield>
  </datafield>
  <datafield tag="500" ind1=" " ind2=" ">
    <subfield code="a">Buonanotte Venezia. Ricchezza nazionale di Rado Mihaleano. Schede. Hulk di Ang Lee etc... Cattaneo Fr. La ragione evanescente: Nel labirinto di Scining. Primi Piani, Vecchi P. Le mutande e i principi, Andrzej Zulawski. Gli invisibili, M. Pettinengo, La carne &#xC8; triste. Japon di Carlos Reygades. Festival e Rassegne. Chatrian C. Mosso L. Malavasi L.. Locarno, Pellizzari L. Bellaria. Figazzolo R. Montecatini. Filmese, P. Tassio Fr. Bertolino M. Final destination. Cabin Fever. Venezia 2003. La ragione evanescente nel labiritnto di Shining. Primi piani, Zulawsky e Rybczinsky.        '</subfield>
  </datafield>
  <datafield tag="501" ind1=" " ind2=" ">
    <subfield code="a">Societ&#xE0; San Paolo EM - Piazza San Paolo, 14 - 12051 ALBA (CN)  (non commercial uses only) &#xAE; Copyright 2017</subfield>
  </datafield>
  <datafield tag="520" ind1=" " ind2=" ">
    <subfield code="a">Buonanotte Venezia. Ricchezza nazionale di Rado Mihaleano. Schede. Hulk di Ang Lee etc... Cattaneo Fr. La ragione evanescente: Nel labirinto di Scining. Primi Piani, Vecchi P. Le mutande e i principi, Andrzej Zulawski. Gli invisibili, M. Pettinengo, La carne &#xC8; triste. Japon di Carlos Reygades. Festival e Rassegne. Chatrian C. Mosso L. Malavasi L.. Locarno, Pellizzari L. Bellaria. Figazzolo R. Montecatini. Filmese, P. Tassio Fr. Bertolino M. Final destination. Cabin Fever. Venezia 2003. La ragione evanescente nel labiritnto di Shining. Primi piani, Zulawsky e Rybczinsky.        '</subfield>
  </datafield>
  <datafield tag="650" ind1=" " ind2=" ">
    <subfield code="a">ARTI RICREATIVE E DELLO SPETTACOLO</subfield>
  </datafield>
  <datafield tag="942" ind1=" " ind2=" ">
    <subfield code="c">CR</subfield>
  </datafield>
  <datafield tag="957" ind1=" " ind2=" ">
    <subfield code="7">1</subfield>
  </datafield>
  <datafield tag="999" ind1=" " ind2=" ">
    <subfield code="a">79807</subfield>
    <subfield code="b">NO</subfield>
    <subfield code="g">1</subfield>
    <subfield code="c">336230</subfield>
    <subfield code="d">336230</subfield>
  </datafield>
  <datafield tag="952" ind1=" " ind2=" ">
    <subfield code="0">0</subfield>
    <subfield code="1">0</subfield>
    <subfield code="4">0</subfield>
    <subfield code="6">R_053S9168</subfield>
    <subfield code="7">1</subfield>
    <subfield code="a">ALBA</subfield>
    <subfield code="b">ALBA</subfield>
    <subfield code="d">2017-01-16</subfield>
    <subfield code="l">0</subfield>
    <subfield code="o">R053-S9168</subfield>
    <subfield code="r">2017-01-16 00:00:00</subfield>
    <subfield code="w">2017-01-16</subfield>
    <subfield code="y">CR</subfield>
    <subfield code="z">(data import: 16 gennaio 2017) - By Epidotti, Vaglietti. </subfield>
  </datafield>
</record>
